Plan de desarrollo agropecuario y pesquero (Registro nro. 497)

Detalles MARC
000 -CABECERA
Campo de control 00949nam a2200313 a 4500
005 - FECHA Y HORA DE LA ULTIMA TRANSACCION
Campo de control 20200104041512.0
008 - ELEMENTOS DE LONGITUD FIJA—INFORMACION GENERAL
Campo de control 140220b1997 ck ||||| |||| 00| 0 spa d
040 ## - FUENTE DE CATALOGACIÓN
Agencia catalogadora original CO-BoIAVH
Agencia transcriptora CO-BoIAVH
041 ## - IDIOMA
Código de idioma para texto/pista de sonido o título separado Español
044 ## - PAÍS DE PUBLICACIÓN
País de publicación Colombia
090 ## - CLASIFICACIÓN LOCAL
Colección LB
Consecutivo 00478
110 ## - ASIENTO PRINCIPAL--NOMBRE CORPORATIVO
Unidad subordinad Convenio Municipio de Tumaco - Corporación Autónoma Regional de Nariño
245 ## - MENCION DE TITULO
Título Plan de desarrollo agropecuario y pesquero
Parte restante del título municipio de Tumaco
260 ## - PUBLICACION, DISTRIBUCION, ETC. (PIE DE IMPRENTA)
Lugar de publicación, distribución, etc. Tumaco (Nariño)
Nombre del editor, distribuidor, etc. CORPONARIÐO
Fecha de publicación, distribución, etc. 1997
300 ## - DESCRIPCION FISICA
Extensión 135
650 ## - ASIENTO SECUNDARIO DE MATERIA - TERMINO TEMATICO
Término temático o nombre geográfico como elemento de entrada Uso del suelo
650 ## - ASIENTO SECUNDARIO DE MATERIA - TERMINO TEMATICO
Término temático o nombre geográfico como elemento de entrada Corporación Autónoma Regional
650 ## - ASIENTO SECUNDARIO DE MATERIA - TERMINO TEMATICO
Término temático o nombre geográfico como elemento de entrada Geología
650 ## - ASIENTO SECUNDARIO DE MATERIA - TERMINO TEMATICO
Término temático o nombre geográfico como elemento de entrada Geomorfología
650 ## - ASIENTO SECUNDARIO DE MATERIA - TERMINO TEMATICO
Término temático o nombre geográfico como elemento de entrada Suelos
650 ## - ASIENTO SECUNDARIO DE MATERIA - TERMINO TEMATICO
Término temático o nombre geográfico como elemento de entrada Agroecología
650 ## - ASIENTO SECUNDARIO DE MATERIA - TERMINO TEMATICO
Término temático o nombre geográfico como elemento de entrada Hidrobiología
650 ## - ASIENTO SECUNDARIO DE MATERIA - TERMINO TEMATICO
Término temático o nombre geográfico como elemento de entrada Vegetación
650 ## - ASIENTO SECUNDARIO DE MATERIA - TERMINO TEMATICO
Término temático o nombre geográfico como elemento de entrada Fauna
650 ## - ASIENTO SECUNDARIO DE MATERIA - TERMINO TEMATICO
Término temático o nombre geográfico como elemento de entrada Silvicultura
650 ## - ASIENTO SECUNDARIO DE MATERIA - TERMINO TEMATICO
Término temático o nombre geográfico como elemento de entrada Inventarios
662 ## - ASIENTO SECUNDARIO DE MATERIA - JERARQUIA DEL NOMBRE DE LUGAR(
País o entidad mayor Colombia
Ciudad Tumaco
Jurisdicción política de primer orden Nariño
942 ## - ELEMENTOS ADICIONALES (KOHA)
Tipo de ítem Informe Técnico
Sistema de clasificación Local
Existencias
Withdrawn status Lost status Sistema de Clasificación Damaged status No para préstamo Colección Inventariado Ubicación Permanente Ubicación actual Fecha de adquisición Fuente de Valor Total Checkouts Número topográfico Inventario / Código de Barras Date last seen Ejemplar Price effective from Forma de adquisición Tipo de material
    Local     General Inventariado 2017 Bogotá Bogotá 01/07/1998 Política y Legislación   LB-00478 000713 04/12/2012 Ej. 1 04/12/2012   Informe Técnico